000 00902nam a2200253Ia 4500
003 OSt
005 20221005112614.0
006 a|||||r|||| 00| 0
007 ta
008 221004b |||||||| |||| 00| 0 pan d
020 _c250
024 _a116681
037 _b634, 19/03/2012, H.K. Prakashan
_cTextual
040 _aCRL
_cCRL
_bpan
041 _2pan
_apan
082 _aO153,1NKE2:g, P6
100 _aਜਸਬੀਾਰ ਕੇਸਰ, ਥਦ।
245 0 _aਡਾ. ਕੇਸਰ ਸਿੰਘ ਕੇਸਰ
_b ਕਾਵਿ ਚਿੰਤਨ
260 _aਚੰਡੀਗੜ੍ਹ
_bਲੋਕਗੀਤ ਪ੍ਰਕਾਨ ਭਾਰਤ
_c2006
300 _a225ਪੰ
_ccm.
650 _aਪੰਜਾਬੀ ਸਾਹਿਤ
942 _hO153,1NKE2:g, P6
_cTEXL
_2cc
999 _c1025413
_d1025413